000 00601nam a2200241Ia 4500
003 OSt
005 20220924150512.0
006 a|||||r|||| 00| 0
007 ta
008 220923b |||||||| |||| 00| 0 tel d
020 _c20.00
024 _a333387
037 _cTextual
040 _aARTS
_cARTS
_btel
041 _2tel
_atel
082 _a035,1NASH1,1, M9
100 _aSuddala Ashok Au.
_9222270
245 0 _aBatuku patalo
260 _c1989
650 _aTELUGU POETRY
942 _h035,1NASH1,1, M9
_cTEXL
_2CC
999 _c463570
_d463570